The Presentation of Technical Information (Record no. 787)

000 -LEADER
fixed length control field 00403nam a2200145 4500
008 - FIXED-LENGTH DATA ELEMENTS--GENERAL INFORMATION
fixed length control field 191218b ||||| |||| 00| 0 eng d
082 00 - DEWEY DECIMAL CLASSIFICATION NUMBER
Classification number 808.0666
Item number K177
100 ## - MAIN ENTRY--PERSONAL NAME
9 (RLIN) 314
Personal name Kapp, Reginald O.
245 10 - TITLE STATEMENT
Title The Presentation of Technical Information
250 ## - EDITION STATEMENT
Edition statement 1st ed.
260 ## - PUBLICATION, DISTRIBUTION, ETC. (IMPRINT)
Place of publication, distribution, etc London
Name of publisher, distributor, etc Constable
Date of publication, distribution, etc 1949
300 ## - PHYSICAL DESCRIPTION
Extent xi, 147 p.
650 #0 - SUBJECT ADDED ENTRY--TOPICAL TERM
Topical term or geographic name as entry element Technology Language
942 ## - ADDED ENTRY ELEMENTS (KOHA)
Source of classification or shelving scheme
Item type Books
Holdings
Withdrawn status Lost status Source of classification or shelving scheme Damaged status Not for loan Permanent location Current location Date acquired Total Checkouts Total Renewals Full call number Barcode Checked out Date last seen Date last borrowed Koha item type
          IMU Kolkata IMU Kolkata 1952-10-10 3 1 808.0666 K177 00281 2026-05-23 2026-05-08 2026-05-08 Books
Designed and Maintained by IMU-KC Library, Kolkata Campus © Copyright All Rights Reserved

webs counters

Powered by Koha